000 00576nam a22001577a 4500
003 macl
005 20221120164430.0
008 221120b |||||||| |||| 00| 0 eng d
040 _cmacl
082 _a891.433/TYA/S
100 _aत्‍यागी,सुुधीर
_974182
245 _aबंगला कहानियॉ (सदी की श्रेष्‍ठ बंगला कहानियॉ
260 _aदिल्‍ली
_bलॉयन बुक्‍स इंटरनेशनल
_c2019
650 _aकहानियॉ
942 _2ddc
_cHIN
999 _c65621
_d65621